Inflación (Record no. 82386)

MARC details
000 -LEADER
campo de control de longitud fija 00541nam a2200169 i 4500
001 - NÚMERO DE CONTROL
campo de control 82386
003 - IDENTIFICADOR DE NÚMERO DE CONTROL
campo de control ES-MaACL
007 - CAMPO FIJO DE DESCRIPCIÓN FÍSICA--INFORMACIÓN GENERAL
campo de control de longitud fija t|
008 - DATOS DE LONGITUD FIJA--INFORMACIÓN GENERAL
campo de control de longitud fija 041110s1975 sp ||||1| spa d
245 00 - MENCIÓN DEL TÍTULO
Título Inflación
Resto del título : textos escogidos /
Mención de responsabilidad, etc. introducción y selección por R.J. Ball y Peter Doyle ; [traducción por Josefa Sánchez].
260 ## - PUBLICACIÓN, DISTRIBUCIÓN, ETC.
Lugar de publicación, distribución, etc. Madrid :
Nombre del editor, distribuidor, etc. Tecnos,
Fecha de publicación, distribución, etc. [1975]
300 ## - DESCRIPCIÓN FÍSICA
Extensión 289 p. ;
Dimensiones 24 cm.
700 1# - ENTRADA AGREGADA--NOMBRE PERSONAL
Nombre de persona Ball, R. J.
9 (RLIN) 24954
700 1# - ENTRADA AGREGADA--NOMBRE PERSONAL
Nombre de persona Doyle, Peter.
9 (RLIN) 45554
700 1# - ENTRADA AGREGADA--NOMBRE PERSONAL
Nombre de persona Sánchez, Josefa.
9 (RLIN) 102388
852 ## - LOCALIZACIÓN
Ubicación ES-MaACL
Número de control de estantería E-6850
Sublocalización o colección R.91290
Holdings
Estatus retirado Estado de pérdida Estado de daño No para préstamo Biblioteca de origen Biblioteca actual Ubicación en estantería Fecha de adquisición Fuente de adquisición Total de préstamos Signatura topográfica completa Código de barras Visto por última vez Precio de reemplazo Tipo de ítem Koha
        Biblioteca del Ateneo de Madrid Biblioteca del Ateneo de Madrid Depósito 2 17/01/2008     E-6850 1086102 23/02/2023 23/02/2023 Libro impreso